00641nam a2200193Ia 450000500170000000800460001702000180006303700100008104000180009104100130010908400080012224500590013026000290018970000300021885600770024894200100032599900210033595200910035620260120124422.0008 260114s9999 xx 000 0 eng d a9781800711570 aEBOOK aCRLbengcCRL aeng2eng qCRL 0aChinese Families: Tradition, Modernisation, and Change bEmerald Publishingc2021 aSampson Lee Blair9906193 uhttps://www.emerald.com/insight/publication/doi/10.1108/S1530-3535202116 cEBOOK c1497875d1497875 00104070aCRLbCRLd2026-01-20l0pCL1850991r2026-01-20 12:44:22w2026-01-20yEBOOK